00561nam a2200157Ia 4500008004100000020001500041041000800056082001900064100003300083245008400116250000600200260004100206300001100247999001900258952012600277210716s1996 xx 000 0 und d a812371596X aeng a003.70508 KUMA aKumar Arvind: Ghaisas Anand. aChaos fractals and self organistion.bNew perspectives on complexity in nature. a1 aNew DelhibNational book trustc1996 ax, 186 c183170d183170 001040708MCAaAIMITbAIMITd2021-07-16g50.00l0o003.70508 KUMApMCA02678r2025-07-21 00:00:00v50.00w2021-07-16yBK